000 00725nam a22002177a 4500
003 UA-OsUOA
001 112198
007 ta
008 20150622b un ||||| |||| 00| 0 ukr d
100 _aЛогвіненко Н.
090 _a82
_bЛ69
942 _cSA
040 _aUA-OsUOA
_bukr
_cUA-OsUOA
_dUA-OsUOA
245 _aБудівнича креативної методики викладання української літератури
300 _aС.3-5
955 _a0
041 _aukr
080 _a82
773 0 _w112197
_tУкраїнська література в загальноосвітній школі
_dК.
_d2015
_g5
650 7 _a82 Література. Літературознавство
_2UDC
999 _c398300
_d398300